| 000 -LEADER |
| fixed length control field |
00822nam a2200241Ia 4500 |
| 001 - CONTROL NUMBER |
| control field |
18392 |
| 003 - CONTROL NUMBER IDENTIFIER |
| control field |
GE_BSU |
| 008 - FIXED-LENGTH DATA ELEMENTS--GENERAL INFORMATION |
| fixed length control field |
181216s||||||||xx |||||||||||||| ||und|| |
| 020 ## - INTERNATIONAL STANDARD BOOK NUMBER |
| International Standard Book Number |
9789941156380 |
| 040 ## - CATALOGING SOURCE |
| Transcribing agency |
GE_BSU |
| 080 ## - UNIVERSAL DECIMAL CLASSIFICATION NUMBER |
| Universal Decimal Classification number |
51(072.3) |
| 100 ## - MAIN ENTRY--PERSONAL NAME |
| Personal name |
ჯაფარიძე,ნ. წილოსანი,მ. წულაია,ნ. |
| 245 ## - TITLE STATEMENT |
| Title |
მათემატიკა. 11კლ. მასწავლებლის წიგნი. |
| 260 ## - PUBLICATION, DISTRIBUTION, ETC. |
| Place of publication, distribution, etc. |
თბილისი |
| 260 ## - PUBLICATION, DISTRIBUTION, ETC. |
| Name of publisher, distributor, etc. |
ბაკურ სულაკაურის გამ-ბა |
| 260 ## - PUBLICATION, DISTRIBUTION, ETC. |
| Date of publication, distribution, etc. |
2012 |
| 300 ## - PHYSICAL DESCRIPTION |
| Extent |
92გვ.28 სმ. |
| 300 ## - PHYSICAL DESCRIPTION |
| Accompanying material |
ბიბლ.გვ.92 |
| 653 ## - INDEX TERM--UNCONTROLLED |
| Uncontrolled term |
მათემატიკა 11კლ. |
| 653 ## - INDEX TERM--UNCONTROLLED |
| Uncontrolled term |
მასწავლებლის წიგნი. |
| 942 ## - ADDED ENTRY ELEMENTS (KOHA) |
| Koha item type |
წიგნი |